A private structure (Record no. 74305)

MARC details
000 -LEADER
fixed length control field 01162cab a2200217 4500
001 - CONTROL NUMBER
control field ABS67621
008 - FIXED-LENGTH DATA ELEMENTS--GENERAL INFORMATION
fixed length control field 040326n2004 000 0 eng u
035 ## - SYSTEM CONTROL NUMBER
System control number (Sirsi) u125596
100 ## - MAIN ENTRY--PERSONAL NAME
Personal name Tinworth, A.
245 #2 - TITLE STATEMENT
Title A private structure
260 ## - PUBLICATION, DISTRIBUTION, ETC.
Date of publication, distribution, etc. 2004
490 ## - SERIES STATEMENT
Series statement Estates Gazette
Volume/sequential designation (0411) 13 March 2004, 127(1)
520 ## - SUMMARY, ETC.
Summary, etc. Details the findings of "Lessons from UK PFI and real estate partnership: drivers, barriers and critical success factors" published by BRE and the College of Estate Management. The research attempted to provide an understanding of the most effective processes. PFI was compared to real estate partnerships (REP) and this has thrown up differences that highlight problems within PFI. The report found that REPs were generally more able to bring occupier and service provider objectives together than PFI relationships. PFI does tend to be a quicker and cheaper method of delivering buildings to the public sector.
590 ## - LOCAL NOTE (RLIN)
Local note ABS
650 ## - SUBJECT ADDED ENTRY--TOPICAL TERM
Topical term or geographic name entry element PFI
650 ## - SUBJECT ADDED ENTRY--TOPICAL TERM
Topical term or geographic name entry element REAL ESTATE MARKET
650 ## - SUBJECT ADDED ENTRY--TOPICAL TERM
Topical term or geographic name entry element PUBLIC SECTOR
650 ## - SUBJECT ADDED ENTRY--TOPICAL TERM
Topical term or geographic name entry element FINANCIAL MODELS
690 ## - LOCAL SUBJECT ADDED ENTRY--TOPICAL TERM (OCLC, RLIN)
Topical term or geographic name as entry element MANAGEMENT-BUSINESS MANAGEMENT-FINANCIAL MANAGEMENT
942 ## - ADDED ENTRY ELEMENTS (KOHA)
Suppress in OPAC 0
Holdings
Withdrawn status Lost status Source of classification or shelving scheme Damaged status Not for loan Home library Current library Shelving location Date acquired Total Checkouts Full call number Barcode Date last seen Copy number Price effective from Koha item type
    Dewey Decimal Classification     London London Journal article 26/03/2004   ABS67621 125596-1001 06/08/2019 1 06/08/2019 Journal article